| 000 | 00692nam a2200217Ia 4500 | ||
|---|---|---|---|
| 003 | GCL | ||
| 008 | 140319s9999 xx 000 0 ara d | ||
| 040 |
_aGCL / _cGCL |
||
| 082 | 0 | 4 |
_a575.1 _bع ا |
| 100 | 1 | _aعائدة وصفى عبدالهادى | |
| 245 | 1 | 0 |
_aاساسيات فى علم الوراثة / _cعائدة وصفى عبدالهادى |
| 260 |
_a[S.N] : _bدار الفجر للنشر والتوزيع ، _c1985 |
||
| 300 | _a159 ص | ||
| 490 | _a | ||
| 650 | 0 | 4 | _aالوراثة |
| 650 | 0 | 4 | _aالاحياء |
| 650 | 0 | 4 | _aالكروموسومات - علم الوراثة |
| 650 | 0 | 4 | _aقانون مندل |
| 650 | 0 | 4 | _aفسيولوجيا النمو |
| 942 |
_2ddc _cBK |
||
| 999 |
_c31270 _d31270 |
||